<?xml version="1.0" encoding="UTF-8"?>
<record
    xmlns:xsi="http://www.w3.org/2001/XMLSchema-instance"
    xsi:schemaLocation="http://www.loc.gov/MARC21/slim http://www.loc.gov/standards/marcxml/schema/MARC21slim.xsd"
    xmlns="http://www.loc.gov/MARC21/slim">

  <leader>00569nam a22002177a 4500</leader>
  <controlfield tag="005">20251201102119.0</controlfield>
  <controlfield tag="007">ta</controlfield>
  <controlfield tag="008">251201t2021    ck  |||er|||| 000 1 spa d</controlfield>
  <datafield tag="020" ind1=" " ind2=" ">
    <subfield code="a">9789585581524</subfield>
  </datafield>
  <datafield tag="040" ind1=" " ind2=" ">
    <subfield code="c">ISTHMUS</subfield>
  </datafield>
  <datafield tag="041" ind1=" " ind2=" ">
    <subfield code="h">spa</subfield>
  </datafield>
  <datafield tag="082" ind1=" " ind2=" ">
    <subfield code="2">22</subfield>
    <subfield code="a">863.63</subfield>
  </datafield>
  <datafield tag="100" ind1=" " ind2=" ">
    <subfield code="a">Montoya, Pablo</subfield>
    <subfield code="9">1</subfield>
  </datafield>
  <datafield tag="245" ind1="0" ind2="3">
    <subfield code="a">La sombra de Ori&#xF3;n /</subfield>
    <subfield code="c">Pablo Montoya.</subfield>
  </datafield>
  <datafield tag="250" ind1=" " ind2=" ">
    <subfield code="a">1a ed</subfield>
  </datafield>
  <datafield tag="260" ind1=" " ind2=" ">
    <subfield code="a">Bogot&#xE1;: </subfield>
    <subfield code="b">Random House, </subfield>
    <subfield code="c">2021</subfield>
  </datafield>
  <datafield tag="300" ind1=" " ind2=" ">
    <subfield code="a">436 p. ;</subfield>
    <subfield code="c">21 cm</subfield>
  </datafield>
  <datafield tag="650" ind1="1" ind2="0">
    <subfield code="a">LITERATURA DEL SIGLO XXI</subfield>
    <subfield code="z">COLOMBIA</subfield>
    <subfield code="2">LEMBP</subfield>
    <subfield code="9">2</subfield>
  </datafield>
  <datafield tag="650" ind1="1" ind2="0">
    <subfield code="a">CIENCIA FICCI&#xD3;N</subfield>
    <subfield code="z">COLOMBIA</subfield>
    <subfield code="9">3</subfield>
  </datafield>
  <datafield tag="942" ind1=" " ind2=" ">
    <subfield code="2">ddc</subfield>
    <subfield code="c">BK</subfield>
    <subfield code="n">0</subfield>
  </datafield>
  <datafield tag="999" ind1=" " ind2=" ">
    <subfield code="c">1</subfield>
    <subfield code="d">1</subfield>
  </datafield>
  <datafield tag="952" ind1=" " ind2=" ">
    <subfield code="0">0</subfield>
    <subfield code="1">0</subfield>
    <subfield code="2">ddc</subfield>
    <subfield code="4">0</subfield>
    <subfield code="7">0</subfield>
    <subfield code="8">GEN</subfield>
    <subfield code="a">GPC</subfield>
    <subfield code="b">GPC</subfield>
    <subfield code="c">FIC</subfield>
    <subfield code="d">2025-12-04</subfield>
    <subfield code="e">Compra</subfield>
    <subfield code="g">35000.00</subfield>
    <subfield code="i">00048</subfield>
    <subfield code="l">5</subfield>
    <subfield code="o">Co863.60 M875s</subfield>
    <subfield code="p">00048</subfield>
    <subfield code="r">2026-06-03 10:14:38</subfield>
    <subfield code="s">2026-06-02</subfield>
    <subfield code="t">Ej. 1</subfield>
    <subfield code="w">2025-12-01</subfield>
    <subfield code="y">BKL</subfield>
  </datafield>
</record>
